Potency and act, and their mutual relations according to Suarez (Record no. 129175)
[ view plain ]
| 000 -LEADER | |
|---|---|
| fixed length control field | 01422cam a22003134a 4500 |
| 001 - CONTROL NUMBER | |
| control field | 15575634 |
| 003 - CONTROL NUMBER IDENTIFIER | |
| control field | ARRUPE |
| 005 - DATE AND TIME OF LATEST TRANSACTION | |
| control field | 20190312095019.0 |
| 008 - FIXED-LENGTH DATA ELEMENTS--GENERAL INFORMATION | |
| fixed length control field | 090106s2009 dcu b 001 0 eng |
| 010 ## - LIBRARY OF CONGRESS CONTROL NUMBER | |
| LC control number | 2008054592 |
| 020 ## - INTERNATIONAL STANDARD BOOK NUMBER | |
| International Standard Book Number | 9780935216486 (alk. paper) |
| 040 ## - CATALOGING SOURCE | |
| Original cataloging agency | DLC |
| Transcribing agency | DLC |
| Modifying agency | DLC |
| 041 1# - LANGUAGE CODE | |
| Language code of text/sound track or separate title | eng |
| Language code of original and/or intermediate translations of text | ger |
| 050 ## - LIBRARY OF CONGRESS CALL NUMBER | |
| Classification number | B785.S85 H477 |
| 300 ## - PHYSICAL DESCRIPTION | |
| Dimensions | 28 cm. |
| 100 ## - MAIN ENTRY--PERSONAL NAME | |
| Personal name | Hellin, Jose |
| 9 (RLIN) | 45136 |
| 245 10 - TITLE STATEMENT | |
| Title | Potency and act, and their mutual relations according to Suarez |
| Statement of responsibility, etc | Jose Hellin |
| 260 ## - PUBLICATION, DISTRIBUTION, ETC. (IMPRINT) | |
| Place of publication, distribution, etc | : |
| Date of publication, distribution, etc | 1954 |
| 300 ## - PHYSICAL DESCRIPTION | |
| Extent | 43p. ; |
| 500 ## - GENERAL NOTE | |
| General note | Stencilled |
| 600 ## - SUBJECT ADDED ENTRY--PERSONAL NAME | |
| Personal name | Suarez, Francisco |
| 9 (RLIN) | 32942 |
| 650 #0 - SUBJECT ADDED ENTRY--TOPICAL TERM | |
| Topical term or geographic name as entry element | Ontology. |
| 9 (RLIN) | 45146 |
| 650 #0 - SUBJECT ADDED ENTRY--TOPICAL TERM | |
| Topical term or geographic name as entry element | Act (Philosophy) |
| 9 (RLIN) | 12411 |
| 700 ## - ADDED ENTRY--PERSONAL NAME | |
| Personal name | Benedetto, A.J. (tr.) |
| 9 (RLIN) | 45147 |
| 906 ## - LOCAL DATA ELEMENT F, LDF (RLIN) | |
| a | 7 |
| b | cbc |
| c | orignew |
| d | 1 |
| e | ecip |
| f | 20 |
| g | y-gencatlg |
| 942 ## - ADDED ENTRY ELEMENTS (KOHA) | |
| Source of classification or shelving scheme | Library of Congress Classification |
| Koha item type | Monograph ( Printed materials) |
| Withdrawn status | Lost status | Source of classification or shelving scheme | Damaged status | Not for loan | Collection code | Home library | Current library | Shelving location | Date acquired | Total Checkouts | Full call number | Barcode | Date last seen | Price effective from | Koha item type |
|---|---|---|---|---|---|---|---|---|---|---|---|---|---|---|---|
| Library of Congress Classification | Main Collection | ARRUPE LIBRARY | ARRUPE LIBRARY | Main Collection | 12/03/2019 | B785.S85 H477 | 46600004150 | 12/03/2019 | 12/03/2019 | Monograph ( Printed materials) |